Project management
| Main Author: | |
|---|---|
| Format: | Book |
| Published: |
Aldershot,Hant :
Gower ,
1988
|
| Edition: | 4th ed. |
| Subjects: |
MARC
| LEADER | 00000cam a2200000 7i4500 | ||
|---|---|---|---|
| 001 | 0000001830 | ||
| 005 | 20050613.0 | ||
| 020 | |a 0566027240 | ||
| 040 | |a INS | ||
| 090 | 0 | 0 | |a T56.8. |b L6 1988 |
| 100 | 1 | |a Lock, Dennis | |
| 245 | 1 | 0 | |a Project management |c Dennis Lock |
| 250 | |a 4th ed. | ||
| 260 | |a Aldershot,Hant : |b Gower , |c 1988 | ||
| 300 | |a 367p. ; |c 22 cm. | ||
| 650 | 0 | 0 | |a Project management |
| 999 | |a 0000004981 |b BOOK |c Open Shelf |e Default branch | ||
| 999 | |a 0000022690 |b BOOK |c Open Shelf |e Default branch | ||